| Tag |
First Indicator |
Second Indicator |
Subfields |
| LEADER |
00000cjm a2200000Ia 4500 |
| 001 |
in00003498708 |
| 005 |
20151106040734.0 |
| 007 |
sd fsngnn|||eu |
| 008 |
010618s2001 nyurcnn n eng d |
| 010 |
|
|
|a 2001580078
|
| 024 |
1 |
|
|a 075678341427
|
| 028 |
0 |
2 |
|a 83414-2
|b Lava/Atlantic
|
| 035 |
|
|
|a (OCoLC)ocm47146018
|
| 035 |
|
|
|a (OCoLC)47146018
|
| 040 |
|
|
|a OWL
|b eng
|c OWL
|d JED
|d OMP
|d DLC
|d JPL
|d OCL
|d LRU
|d TXHLC
|d OCLCF
|d OCLCO
|d UtOrBLW
|
| 049 |
|
|
|a TXAM
|
| 050 |
0 |
0 |
|a SDA 40324
|
| 082 |
0 |
4 |
|a 782.42/166
|2 21
|
| 090 |
|
|
|a M1630.18.S898
|b S84 2001
|
| 110 |
2 |
|
|a Sugar Ray (Musical group),
|e performer.
|
| 245 |
1 |
0 |
|a Sugar Ray.
|
| 264 |
|
1 |
|a New York, NY :
|b Lava/Atlantic,
|c [2001]
|
| 264 |
|
4 |
|c ℗2001
|
| 300 |
|
|
|a 1 sound disc :
|b digital ;
|c 4 3/4 in.
|
| 336 |
|
|
|a performed music
|b prm
|2 rdacontent
|
| 337 |
|
|
|a audio
|b s
|2 rdamedia
|
| 338 |
|
|
|a audio disc
|b sd
|2 rdacarrier
|
| 500 |
|
|
|a Rock music.
|
| 511 |
0 |
|
|a Sugar Ray (Mark McGrath, vocals; Rodney Sheppard, guitar; Murphy Karges, bass; Stan Frazier, drums; Craig "DJ Homicide" Bullock, D.J.) ; other assisting musicians.
|
| 518 |
|
|
|a Recorded at NRG Studios, North Hollywood, CA; Image Recording Studios, Hollywood, CA; Jim Henson Studios, Bulletproof Studios and SoundCastle Recording, Los Angeles.
|
| 500 |
|
|
|a Compact disc.
|
| 505 |
0 |
0 |
|t Answer the phone --
|t When it's over --
|t Under the sun --
|t Satellites --
|t Waiting --
|t Ours --
|t Sorry now --
|t Stay on (featuring Nick Hexum) --
|t Words to me --
|t Just a little --
|t Disasterpiece.
|
| 508 |
|
|
|a Produced by Don Gilmore.
|
| 508 |
|
|
|a Tracks 2 and 6 produced by David Kahne.
|
| 508 |
|
|
|a Track 9 produced by Ralph Sall.
|
| 500 |
|
|
|a Sound recording.
|
| 650 |
|
0 |
|a Rock music
|y 2001-2010.
|
| 650 |
|
0 |
|a Alternative rock music.
|
| 650 |
|
7 |
|a Alternative rock music.
|2 fast
|0 (OCoLC)fst00806181
|
| 650 |
|
7 |
|a Rock music.
|2 fast
|0 (OCoLC)fst01099204
|
| 648 |
|
7 |
|a 2001 - 2010
|2 fast
|
| 700 |
1 |
|
|a Hexum, Nick.
|
| 948 |
|
|
|a cataloged
|b h
|c 2015/3/17
|d c
|e cproctor
|f 12:05:53 PM
|
| 994 |
|
|
|a C0
|b TXA
|
| 999 |
|
|
|a MARS
|
| 999 |
f |
f |
|s 75bd0d75-61e6-3427-a567-63e5009101f9
|i 12ecca03-c3fb-3d4c-afce-b3667fd50f07
|t 0
|
| 952 |
f |
f |
|p ric
|a Texas A&M University
|b Rellis Campus
|c Joint Library Facility
|d Remote Storage
|t 0
|e M1630.18.S898 S84 2001
|h Library of Congress classification
|i audio -- audio disc
|m A14843050841
|
| 998 |
f |
f |
|a M1630.18.S898 S84 2001
|t 0
|l Remote Storage
|